000 00383 a2200169 4500
003 OSt
005 20180116182748.0
008 160425b xxu||||| |||| 00| 0 eng d
020 _a8178081156
040 _c0
100 _aShirley Taylor
245 _aCommunication for business
250 _a3rd
260 _aIndia
_c1999
300 _a348
942 _aNBS
_cBK
_k658.45 TAY
_2ddc
999 _c345561
_d345561